000 00915nac a22002771u 4500
003 EG-ScBUE
005 20221211103046.0
008 130514t1986 nyua f b 000 0 eng d
020 _a0910413118 (alk. paper) :
020 _a091041324X (pbk.)
020 _a9780910413114
040 _aEG-ScBUE
_beng
_erda
_cEG-ScBUE
_dEG-ScBUE
082 0 4 _a725
_bFER
_222
100 1 _aFerriss, Hugh,
_eauthor.
_933173
245 1 4 _aThe Metropolis of tomorrow /
_cby Hugh Ferriss.
264 1 _aNew York :
_bIves Washburn Publisher,
_c[1986]
264 4 _cc1986
300 _a199 pages :
_billustrations ;
_c32 cm
504 _aIncludes bibliographical references.
600 1 7 _aFerriss, Hugh,
_d1889-
_xThemes, motives.
_2BUEsh
_933174
650 7 _aSkyscrapers.
_2BUEsh
_933175
650 7 _aCity planning
_xForecasting.
_2BUEsh
_933176
653 _bENGARC
655 _vReading book
942 _cBB
_k725 FER
_2ddc
999 _c4496
_d4496